| 000 | 00835nam a22002897a 4500 | ||
|---|---|---|---|
| 001 | BR0805535 | ||
| 003 | BR-BrBNA | ||
| 005 | 20230928102701.0 | ||
| 007 | ta | ||
| 008 | 230509b bl.||||| |||| 00| 0 por d | ||
| 040 |
_aBR-BrBNA _bpor _cBiblioteca Nacional de Agricultura |
||
| 041 | _a(Por) | ||
| 072 |
_aF30; H20 _b1126 _b4120 |
||
| 090 | _ 1126 BR0805535 | ||
| 110 | 1 | _aEmpresa Estadual de Pesquisa Agropecuária da Paraíba S.A., João Pessoa (Brasil) | |
| 245 | 1 | _aParaíba-Rubi; cultivar de abacaxi resistente à fusariose | |
| 260 | 3 |
_aJoão Pessoa, PB (Brasil): _c2007. |
|
| 300 | _a6 p. | ||
| 650 | _aABACAXI | ||
| 650 | _aFUSARIOSE | ||
| 650 | _aFUNGO | ||
| 650 | _aVARIEDADE RESISTENTE | ||
| 650 | _aMUDA | ||
| 650 | _aMELHORAMENTO GENÉTICO VEGETAL | ||
| 909 |
_a202309 _bLucia _c55 _dLucia Elande |
||
| 942 | _cBK | ||
| 999 |
_c72023 _d72023 |
||